Les Assemblées Provinciales dans l'empire romain / (Record no. 154325)

MARC details
000 -LEADER
campo de control de longitud fija 00668nam a22001935i 4500
001 - NÚMERO DE CONTROL
campo de control 154325
003 - IDENTIFICADOR DE NÚMERO DE CONTROL
campo de control ES-MaACL
005 - FECHA Y HORA DE LA ÚLTIMA TRANSACCIÓN
campo de control 20250808063249.0
008 - DATOS DE LONGITUD FIJA--INFORMACIÓN GENERAL
campo de control de longitud fija 040715s1887 fr |||| | fre d
040 ## - FUENTE DE CATALOGACIÓN
Centro catalogador/agencia de origen CAM
Lengua de catalogación spa
Centro/agencia transcriptor CAM
100 1# - ENTRADA PRINCIPAL--NOMBRE DE PERSONA
Nombre de persona Giraud, Paul.
9 (RLIN) 127334
245 14 - MENCIÓN DEL TÍTULO
Título Les Assemblées Provinciales dans l'empire romain /
Mención de responsabilidad, etc. par Paul Giraud.
260 ## - PUBLICACIÓN, DISTRIBUCIÓN, ETC.
Lugar de publicación, distribución, etc. Paris :
Nombre del editor, distribuidor, etc. Imprimerie Nationale :
-- Armand Colin et c\pie\s éditeurs,
Fecha de publicación, distribución, etc. 1887.
300 ## - DESCRIPCIÓN FÍSICA
Extensión 309 p. ;
Dimensiones 25 cm.
596 ## - NOTA AL PIE DE IMPRENTA
NOTA AL PIE DE IMPRENTA Segundo ed. tomado de verso de la antep.
610 17 - PUNTO DE ACCESO ADICIONAL DE MATERIA--NOMBRE DE ENTIDAD CORPORATIVA
Nombre de entidad corporativa o nombre de jurisdicción como elemento de entrada Francia.
Unidad subordinada Asamblées Provinciales
Fuente del encabezamiento o término
9 (RLIN) 134394
852 ## - LOCALIZACIÓN
Ubicación ES-MaACL
Número de control de estantería F-5940
Nota libre -- Rust. deteriorada
Holdings
Estatus retirado Estado de pérdida Estado de daño No para préstamo Colección Biblioteca de origen Biblioteca actual Ubicación en estantería Fecha de adquisición Fuente de adquisición Total de préstamos Signatura topográfica completa Código de barras Visto por última vez Precio de reemplazo Tipo de ítem Koha
        Libros del s. XIX Biblioteca del Ateneo de Madrid Biblioteca del Ateneo de Madrid Depósito 2 17/01/2008     F-5940 1161382 23/02/2023 23/02/2023 Libro impreso antiguo